000 00218nam a2200097Ia 4500
008 240331s9999 xx 000 0 und d
082 _bSAN
100 _aPeriyar Thiratha . ed
245 0 _aSanaskritha athikam
942 _cL
999 _c3653
_d3653